Statistics for Asian Countries with One Border (with a map)

Click here to take the quiz!

General Stats

  • This quiz has been taken 647 times
  • The average score is 7 of 8

Answers on the Map

Answers color-coded by a green-red scale on the quiz's map according to % correct below.
 

Answer Stats

Country% Correct
South Korea
98%
Brunei
90%
Qatar
90%
East Timor
86%
Indonesia
83%
Malaysia
83%
North Korea
81%
Saudi Arabia
73%

Score Distribution

Percentile by Number Answered

Percent of People with Each Score

Your Score History

You have not taken this quiz